| 000 | 00766nam a2200241 i 4500 | ||
|---|---|---|---|
| 001 | 186829 | ||
| 003 | ES-MaACL | ||
| 005 | 20240127063015.0 | ||
| 008 | 170220s2016 sp c |||| |dspa d | ||
| 040 | _cES-MaACL | ||
| 080 | _a082.2 | ||
| 080 | _a821.134.2-82"19" | ||
| 100 |
_aFernández, Francisco, _d1933- _9226209 _eaut |
||
| 245 | 1 | 0 |
_aReflexiones sobre el ser : _batraso de la humanidad : la verdad sin paliativos / _cFrancisco Fernández. |
| 260 |
_a[Madrid : _bF. Fernández, _c2016] |
||
| 300 |
_a103 hojas : _b1 retr., 1 il. ; _c15 cm. |
||
| 650 | 7 |
_aCitas _9149979 |
|
| 655 | 0 |
_9234752 _aMisceláneas |
|
| 852 |
_aES-MaACL _j2335-F-5 _cDEPOF |
||
| 942 |
_cFOLLETOS _n0 |
||
| 999 |
_c186829 _d186829 |
||